Disciple Knights Of The Round Table Vol. 5 Quiz - Statistics

General Stats
  • This quiz has been taken 3 times
  • The average score is 21 of 32
Answer Stats
Artist Song % Correct
Dr. Ushūu & The Sausages Asterism
100%
DVEIGHT & MOB Devil Tech
100%
BeutNoise FLOW135
100%
Codd Dubz x Chibs x Bueg Fool
100%
OG Nixin Get Fucked (VIP)
100%
Frantik Laser Tag
100%
Dyatic Lumbre
100%
Automhate MOORG (VIP)
100%
loompaskettee skettee riddim
100%
MUERTE A Cement Bath
67%
NVADRZ bleed4me
67%
Kozmoz Blood Money
67%
LAYZ Downpour
67%
AIMER Feel It
67%
TYPHON Feel The Power
67%
Nyptane FUKWITME
67%
YOKED Headflush
67%
D'LION IDK What To Call This
67%
Barely Alive & Samplifire Power Alliance
67%
Aweminus Safety Last
67%
Bandlez Scouts Honor
67%
BLVNKSPVCE Shot Caller
67%
Versa Task Failed
67%
Doctor Neiman (Feat. Micah Martin) Alive
33%
XAEBOR BADBOI
33%
Staysick & Careless Castle Catcha Vibe
33%
INFEKT Dance Off
33%
Devath Field Splitter
33%
Viperactive Hunted
33%
ECRAZE & Graphyt Mechanoid Doom
33%
BAINBRIDGE Raver's Anthem
33%
LUMBERJVCK & Odd Language Frequency
0%
No matching quizzes found
Score Distribution
Percent of People with Each Score
Percentile by Number Answered
Your Score History
You have not taken this quiz